Thinking inside the box (Record no. 506744)

000 -LEADER
fixed length control field 00348nam a2200145Ia 4500
008 - FIXED-LENGTH DATA ELEMENTS--GENERAL INFORMATION
fixed length control field 181130s2018 xx 000 0 und d
100 ## - MAIN ENTRY--PERSONAL NAME
Personal name Jeyanthi, P. Mary
245 ## - TITLE STATEMENT
Title Thinking inside the box
260 ## - PUBLICATION, DISTRIBUTION, ETC.
Date of publication, distribution, etc. 2018
300 ## - PHYSICAL DESCRIPTION
Extent p.67-69.
504 ## - BIBLIOGRAPHY, ETC. NOTE
-- Jun
650 ## - SUBJECT ADDED ENTRY--TOPICAL TERM
Topical term or geographic name entry element Decision making
773 ## - HOST ITEM ENTRY
Main entry heading Indian Management
906 ## - LOCAL DATA ELEMENT F, LDF (RLIN)
a Decision making
Holdings
Withdrawn status Lost status Damaged status Not for loan Permanent Location Current Location Date acquired Serial Enumeration / chronology Barcode Date last seen Price effective from Koha item type
        Indian Institute of Public Administration Indian Institute of Public Administration 2018-12-07 57(6), Jun, 2018: p.67-69. AR118539 2018-12-07 2018-12-07 Articles

Powered by Koha